Kitty & Cat : bent out of shape / Mirka Hokkanen.
Available copies
- 2 of 3 copies available at LARL/NWRL Consortium.
- 1 of 2 copies available at Lake Agassiz Regional Library. (Show preferred library)
Current holds
0 current holds with 3 total copies.
View other formats and editions
Show All Copies
| Location | Call Number / Copy Notes | Barcode | Shelving Location | Status | Due Date |
|---|---|---|---|---|---|
| Moorhead Public Library | E H (Text) | 33500013927082 | Main | Available | - |
| Warroad Public Library | e HOK (Text) | 35500006735763 | Main | Available | - |
Record details
- ISBN: 9781536223682
- ISBN: 1536223689
- Physical Description: 1 volume (unpaged) : color illustrations ; 23 x 27 ... Read More
- Edition: First edition.
- Publisher: Somerville, Massachusetts : Candlewick Press, 2023.
- Copyright: ©2023
Content descriptions
| Summary, etc.: | A stinky cat hides when it's time for a bath. |
Search for related items by subject
| Subject: | Cats > Juvenile fiction. Baths > Juvenile fiction. Pets > Juvenile fiction. Friendship > Juvenile fiction. Shapes > Juvenile fiction. Cats > Fiction. Shapes > Fiction. Baths > Fiction. |
| Genre: | Humorous fiction. Animal fiction. Picture books. |
Search for related items by series
| LDR | 02161cam a2200601Ii 4500 | ||
|---|---|---|---|
| 001 | 427109 | ||
| 003 | LARL_NWRL_CONSORTIUM | ||
| 005 | 20240117150822.0 | ||
| 008 | 230304t20232023maua b 000 1 eng d | ||
| 010 | . | ‡a 2022922824 | |
| 040 | . | ‡aYDX ‡beng ‡erda ‡cYDX ‡dTOH ‡dIOU ‡dETC ‡dQJK ‡dJBI ‡dILC ‡dSDD ‡dJAS ‡dVRP ‡dVP@ ‡dOCLCO | |
| 020 | . | ‡a9781536223682 ‡q(hardcover) | |
| 020 | . | ‡a1536223689 ‡q(hardcover) | |
| 035 | . | ‡a(OCoLC)1371013987 | |
| 082 | 0 | 4. | ‡a[E] ‡223 |
| 100 | 1 | . | ‡aHokkanen, Mirka, ‡eauthor, ‡eillustrator. |
| 245 | 1 | 0. | ‡aKitty & Cat : ‡bbent out of shape / ‡cMirka Hokkanen. |
| 246 | 3 | . | ‡aKitty and Cat : ‡bbent out of shape |
| 246 | 3 | 0. | ‡aBent out of shape |
| 250 | . | ‡aFirst edition. | |
| 264 | 1. | ‡aSomerville, Massachusetts : ‡bCandlewick Press, ‡c2023. | |
| 264 | 4. | ‡c©2023 | |
| 300 | . | ‡a1 volume (unpaged) : ‡bcolor illustrations ; ‡c23 x 27 cm. | |
| 336 | . | ‡atext ‡btxt ‡2rdacontent | |
| 336 | . | ‡astill image ‡bsti ‡2rdacontent | |
| 337 | . | ‡aunmediated ‡bn ‡2rdamedia | |
| 338 | . | ‡avolume ‡bnc ‡2rdacarrier | |
| 490 | 0 | . | ‡aKitty & Cat |
| 520 | . | ‡aA stinky cat hides when it's time for a bath. | |
| 650 | 0. | ‡aCats ‡vJuvenile fiction. ‡0(LARL_NWRL_CONSORTIUM)164135 | |
| 650 | 0. | ‡aBaths ‡vJuvenile fiction. | |
| 650 | 0. | ‡aPets ‡vJuvenile fiction. ‡0(LARL_NWRL_CONSORTIUM)174051 | |
| 650 | 0. | ‡aFriendship ‡vJuvenile fiction. ‡0(LARL_NWRL_CONSORTIUM)164914 | |
| 650 | 0. | ‡aShapes ‡vJuvenile fiction. | |
| 650 | 1. | ‡aCats ‡vFiction. ‡0(LARL_NWRL_CONSORTIUM)164102 | |
| 650 | 1. | ‡aShapes ‡vFiction. | |
| 650 | 1. | ‡aBaths ‡vFiction. | |
| 655 | 7. | ‡aHumorous fiction. ‡2lcgft | |
| 655 | 7. | ‡aAnimal fiction. ‡2lcgft | |
| 655 | 7. | ‡aPicture books. ‡2lcgft | |
| 901 | . | ‡a427109 ‡bAUTOGEN ‡c427109 ‡tbiblio | |

Add to basket
Permalink
Disable Highlighting